All Jupiler Pro League Champions - Statistiques

Statistiques générales
  • Ce quiz a été pris 72 fois
  • Le résultat moyen est 9 sur 16
Statistiques - réponses
Year(s) Total Club % Correct
1947, 1949, 1950, 1951, 1954, 1955, 1956, 1959, 1962, 1964, 1965, 1966, 1967, 1968, 1972, 1974, 1981, 1985, 1986, 1987, 1991, 1993, 1994, 1995, 2000, 2001, 2004, 2006, 2007, 2010, 2012, 2013, 2014, 2017 34 Anderlecht
98%
1958, 1961, 1963, 1969, 1970, 1971, 1982, 1983, 2008, 2009 10 Standard de Liège
91%
1904, 1905, 1906, 1907, 1909, 1910, 1913, 1923, 1933, 1934, 1935, 2025 12 Union St-Gilloise
89%
1999, 2002, 2011, 2019 4 Genk
84%
1929, 1931, 1944, 1957, 2023 5 Antwerp
82%
1920, 1973, 1976, 1977, 1978, 1980, 1988, 1990, 1992, 1996, 1998, 2003, 2005, 2016, 2018, 2020, 2021, 2022, 2024 19 Club Brugge
81%
1911, 1927, 1930 3 Cercle Bruges
70%
2015 1 La Gantoise
67%
1896, 1898, 1899, 1952, 1953 5 RFC Liège
61%
1943, 1946, 1948, 1989 4 FC Malines
53%
1932, 1942, 1960, 1997 4 Lierse
37%
1975 1 RWD Molenbeek
35%
1922, 1924, 1925, 1926, 1928, 1938, 1939 7 Beerschot
33%
1979, 1984 2 KSK Beveren
30%
1912, 1914, 1921, 1936, 1937 5 Daring CB
7%
1897, 1900, 1901, 1902, 1903, 1908 6 Racing CB
7%
Aucun quiz correspondant
Distribution des résultats
% des personnes avec chaque résultat
Percentile par nombre de réponses
Votre historique - résultats
Vous n’avez pas pris ce quiz